Thatch and thatching (Record no. 105358)

MARC details
000 -LEADER
fixed length control field 01158cam a2200205 4500
001 - CONTROL NUMBER
control field ##L133230
008 - FIXED-LENGTH DATA ELEMENTS--GENERAL INFORMATION
fixed length control field 060421n2000 000 0 eng u
035 ## - SYSTEM CONTROL NUMBER
System control number (Sirsi) u133230
041 0# - LANGUAGE CODE
Language code of text/sound track or separate title eng
050 04 - LIBRARY OF CONGRESS CALL NUMBER
Classification number 695.92 $2 18
110 2# - MAIN ENTRY--CORPORATE NAME
Corporate name or jurisdiction name as entry element English Heritage
9 (RLIN) 2714
245 00 - TITLE STATEMENT
Title Thatch and thatching
Remainder of title a guidance note
260 ## - PUBLICATION, DISTRIBUTION, ETC.
Place of publication, distribution, etc. London
Name of publisher, distributor, etc. English Heritage
Date of publication, distribution, etc. 2000
300 ## - PHYSICAL DESCRIPTION
Extent 19p
Other physical details ill
Dimensions 30cm.
505 2# - FORMATTED CONTENTS NOTE
Formatted contents note Introduction -- The scope of this guidance -- History of thatch -- Types of thatch -- Longevity -- Conservation and maintenance -- Building regulations, fire and safety -- Developing thatching policies -- Ways of addressing the issues -- Further work -- Conclusion.
520 ## - SUMMARY, ETC.
Summary, etc. A guide to the history, types and conservation of thatched roofs, intended for local authorities, grant-giving bodies, thatchers, other professionals in the built environment, and owners of thatched buildings.
690 ## - LOCAL SUBJECT ADDED ENTRY--TOPICAL TERM (OCLC, RLIN)
Topical term or geographic name as entry element BUILT ENVIRONMENT-BUILDING ELEMENTS-COMPLETE BUILDING ELEMENTS-ROOFS
856 48 - ELECTRONIC LOCATION AND ACCESS
Uniform Resource Identifier <a href="https://www.english-heritage.org.uk/content/publications/docs/thatchandthatching.pdf">https://www.english-heritage.org.uk/content/publications/docs/thatchandthatching.pdf</a>
Public note View the item free of charge at www.english-heritage.org.uk
942 ## - ADDED ENTRY ELEMENTS (KOHA)
Suppress in OPAC 0
Holdings
Withdrawn status Lost status Source of classification or shelving scheme Damaged status Not for loan Home library Current library Shelving location Date acquired Total Checkouts Full call number Barcode Date last seen Date last checked out Copy number Price effective from Koha item type
    Dewey Decimal Classification     London London Folio 25/04/2006 1 F695.92 ENG 30072931 06/08/2019 17/08/2007 1 06/08/2019 Book